000 00802nam a2200265Ia 4500
003 OSt
005 20220927105901.0
006 a|||||r|||| 00| 0
007 ta
008 220926b |||||||| |||| 00| 0 eng d
024 _a25739
037 _cReference Collections
040 _aRTL
_cRTL
_beng
041 _2eng
_aeng
082 _a"X:533.1(X).N6, K9"
100 _aKahnert F.
_9375555
245 0 _aEconomic integration among developing countries
260 _aParis
_bOECD
_c1969
300 _a162p. Bib p 159-162
_ccm.
490 _a"Organisation for Economic Cooperation and Development, Development centre studies"
650 _a Free Trade
650 _aEconomics
942 _h"X:533.1(X).N6, K9"
_cCC
999 _c695072
_d695072